00349 a2200109 4500001001000000005001700010008004100027245006900068100002700137773005800164999001700222ART_1118220260410161855.0260409a 10aEl papel del estado en la evolución del Análisis económico1 aDi Marco, Luis Eugenio0 tRevista de Economíag- Nº 36 (mar. 1983)wREV11077 c25376d25376